00554nam a2200157Ia 4500020001800000082002300018100002700041245008500068260004000153300001300193504003600206650001900242650005100261650003800312650004600350 a9788180694509 a385.20954792 RAN-I aRanade, Prabha Shastri 0aInfrastructure development and its environmental impact: study of Konkan railway aNew DelhibConcept Publishingc2009 axvi, 270 aincludes bibliography and index aKonkan railway aRailwaysvEnvironmental aspectsvKonkanvIndia aRailways and statevIndiavKonkan aInfrastructure (Economics)vIndiavKonkan